000 01622nkm a2200313 i 4500
001 3866
003 ES-MaACL
005 20251006163627.0
007 khrbo
008 070614s1986 sp --- g |001||spa d
100 0 _aAlfonso,
_d1902-1990
_919858
245 1 0 _aPresentación del libro "Rómulo Gallegos y España" de José López Rueda [
_hFotografía] /
_cAlfonso (sello).
260 _a[S.l. :
_bs.n.],
_c1986.
300 _a2 fot. :
_bb. y n. ;
_c12 x 18 cm.
500 _aDatos basados en invitación.
511 0 _aIntervienen: José López Rueda, Miguel Ángel Escotet, Salvador Garmendia; además aparece en la foto César Navarro.
518 _aActo organizado por el Ateneo de Madrid en colaboración con la Organización de Estados Iberoamericanos para la Educación, la Ciencia y la Cultura, la Embajada de Venezuela y la Editorial Monte Ávila de Caracas, celebrado en la sala de conferencias el lunes, 13 de octubre de 1986, a las 19:30 h.
600 0 4 _aLópez Rueda, José,
_d1928-
_973941
600 1 4 _aEscotet, Miguel Angel.
_947621
600 1 4 _aGarmendia, Salvador.
_955582
600 1 4 _aNavarro de Francisco, César,
_d1932-
_985113
610 2 4 _aAteneo de Madrid-
_xActos culturales-
_y1986-
_vFotografías.
_91901
710 2 _aAteneo de Madrid.
_91875
710 1 _aVenezuela.
_bEmbajada (España)
_97546
710 2 _aOrganización de Estados Iberoamericanos para la Educación, la Ciencia y la Cultura
_96058
852 _aES-MaACL
_jFOT 188/1986
856 4 _uhttp://www.ateneodemadrid.net/biblioteca_digital/imagenes/1986/0188-1986.jpg
_zVer imagen
999 _c3866
_d3866